Online
Catalog

La nueva amante / (Record no. 39817)

MARC details
000 -CABECERA
campo de control de longitud fija 00662nam a2200205 a 4500
001 - NÚMERO DE CONTROL
campo de control 000040327
005 - FECHA Y HORA DE LA ÚLTIMA TRANSACCIÓN
campo de control 20201002034048.0
008 - DATOS DE LONGITUD FIJA--INFORMACIÓN GENERAL
campo de control de longitud fija 130821s2005 mx 000 0 spa d
020 ## - NÚMERO INTERNACIONAL ESTÁNDAR DEL LIBRO
Número Internacional Estándar del Libro 9703223923
040 ## - FUENTE DE LA CATALOGACIÓN
Centro catalogador/agencia de origen DO-SdBNP
Lengua de catalogación spa
Centro/agencia transcriptor BNPHU
100 1# - ENTRADA PRINCIPAL--NOMBRE DE PERSONA
Nombre de persona Garibay, Ricardo
9 (RLIN) 66622
245 13 - MENCIÓN DE TÍTULO
Título La nueva amante /
Mención de responsabilidad, etc. Ricardo Garibay ; viñetas de C. Alvarado Lang.
260 ## - PUBLICACIÓN, DISTRIBUCIÓN, ETC.
Lugar de publicación, distribución, etc. México :
Nombre del editor, distribuidor, etc. Universidad Nacional Autónoma de México,
Fecha de publicación, distribución, etc. 2005.
300 ## - DESCRIPCIÓN FÍSICA
Extensión 37 p. ;
Dimensiones 22 cm.
490 1# - MENCIÓN DE SERIE
Mención de serie Lunes
Designación de volumen o secuencia 26
533 ## - NOTA DE REPRODUCCIÓN
Tipo de reproducción Facsímil:
Lugar de la reproducción México
Fecha de la reproducción 1946
700 1# - PUNTO DE ACCESO ADICIONAL--NOMBRE DE PERSONA
Nombre de persona Alvarado Lang, C.
9 (RLIN) 66623
710 0# - PUNTO DE ACCESO ADICIONAL--NOMBRE DE ENTIDAD CORPORATIVA
Nombre de entidad corporativa o nombre de jurisdicción como elemento de entrada Universidad Nacional Autónoma de México
9 (RLIN) 42447
830 #0 - PUNTO DE ACCESO ADICIONAL DE SERIE-TÍTULO UNIFORME
Título uniforme Lunes
Designación de volumen o secuencia 25
9 (RLIN) 66616
Holdings
Estado de retiro Estado de pérdida Restricciones de uso No para préstamo Código de colección Localización permanente Ubicación/localización actual Ubicación en estantería Fecha de adquisición Número de inventario Total de préstamos Signatura topográfica completa Código de barras Fecha visto por última vez Precio válido a partir de Tipo de ítem Koha Número de copia
      Excluido de préstamo Monografías: Libros y Folletos General General En catalogación 21.08.2013 LF1   40327-10 25.06.2020 25.06.2020 No se presta  
    Préstamo interno   Monografías: Libros y Folletos General General En catalogación 21.08.2013 LF1   40327-20 25.06.2020 25.06.2020 Préstamo interno e. 3
      Excluido de préstamo Monografías: Libros y Folletos General General En catalogación 21.08.2013 LF1   40327-30 25.06.2020 25.06.2020 No se presta e. 2

Powered by Koha